00527nam a2200217Ia 4500008004000000020001500040041000800055082001800063100002200081245006500103260003700168300001100205650001500216650001500231650001000246650001600256650000900272650001200281650000800293650000800301210210b2005 xxu||||| |||| 00| 0 eng d a1859962920 aeng a510.2457 MACI aMACKENZIE (Aulay) aInstant notes mathematics and statistics for life scientists aNew YorkbTaylor & Francisc2005 avi,175 astatistics ascientists anotes amathematics alife aInstant afor aand